Movie Title Overlaps II Quiz Stats

 Plays Quiz Updated Oct 10, 2016

Challenge
Share
Tweet
Embed
Score 0/24 Timer 03:00
0 Plays Today
Movie 1 Overlapping Word % Correct
Men in...Black
98.1%
Jay and Silent Bob Strike...Back
95.1%
Ocean's...Twelve
95.1%
Charlie Wilson's...War
95.1%
Black Hawk...Down
94.7%
Demolition...Man
92.9%
The Cider House...Rules
91.3%
Dallas Buyers...Club
91.2%
Fast Times at Ridgemont...High
91%
There Will Be...Blood
90.9%
A Time To...Kill
90.4%
Sleeping with the...Enemy
88%
Movie 1 Overlapping Word % Correct
Extremely Loud & Incredibly...Close
86.1%
This is the...End
86%
The Theory of...Everything
85.8%
Tinker Tailor Soldier...Spy
85.7%
Vanilla...Sky
82.5%
I Now Pronounce You Chuck and...Larry
81.6%
Annie...Hall
77.4%
We're No...Angels
75.3%
The Color of...Money
74.4%
Radio...Days
69.1%
Head of...State
67%
The Great Buck...Howard
52.1%

You're not logged in!

Compare scores with friends on all Sporcle quizzes.
OR
Log In

You Might Also Like...

Show Comments

Extras

Top Quizzes Today


Score Distribution

Your Account Isn't Verified!

In order to create a playlist on Sporcle, you need to verify the email address you used during registration. Go to your Sporcle Settings to finish the process.

Report this User

Report this user for behavior that violates our Community Guidelines.

Details: